000 00371nam a2200133Ia 4500
005 20260326235506.0
008 260326s9999||||xx |||||||||||||| ||und||
100 _aUniversidad de Los Andes
245 0 _aCartagena :
_b Zona Histórica /
_cUniversidad de Los Andes
260 _bUniversidad de los Andes
300 _a108 p.
650 _aARQUITECTURA REGIONAL
942 _cBK
999 _c8180
_d8180